[Event "Bundesliga 0203"]
[Site "Germany"]
[Date "2003.01.11"]
[Round "8.8"]
[White "Brueggemann, Joachim"]
[Black "Keitlinghaus, Ludger"]
[Result "0-1"]
[WhiteElo "2412"]
[BlackElo "2500"]
[PlyCount "116"]
[EventDate "2002.10.19"]
[EventType "team-tourn"]
[EventRounds "15"]
[EventCountry "GER"]
[SourceTitle "CBM 093"]
[Source "ChessBase"]
[SourceDate "2003.04.01"]
[SourceVersion "1"]
[SourceVersionDate "2003.04.01"]
[SourceQuality "1"]
[WhiteTeam "Erfurt"]
[BlackTeam "Baden Oos"]
[WhiteTeamCountry "GER"]
[BlackTeamCountry "GER"]

1. e4 d5 2. exd5 Qxd5 3. Nc3 Qa5 4. d4 c6 5. Bc4 Bf5 6. Nf3 Nd7 7. Bd2 e6 8. Qe2 Bb4 9. 0-0-0 Ngf6 10. a3 Bxc3 11. Bxc3 Qc7 12. Kb1 b5 13. Bd3 Bxd3 14. Qxd3 a5 15. Rhe1 0-0 16. Bd2 Rfd8 17. Bg5 b4 18. a4 c5 19. Bxf6 Nxf6 20. Qc4 Rd5 21. Rd3 h6 22. Re5 Rc8 23. Rxd5 Nxd5 24. dxc5 Qa7 25. Nd2 Rxc5 26. Qd4 Qc7 27. Rg3 e5 28. Qg4 g6 29. Qd1 Nf4 30. Nb3 Rd5 31. Qe1 Qd7 32. Nc1 Qxa4 33. Rf3 Qd7 34. g3 Ne6 35. Rd3 Nc5 36. Rxd5 Qxd5 37. Qe3 Kg7 38. h4 a4 39. Qe2 b3 40. Qe3 Qd4 41. Qe2 e4 42. f3 e3 43. cxb3 axb3 44. Qb5 h5 45. Qe2 Kh7 46. Qb5 Qd5 47. Qe2 Qd4 48. Qb5 Kg8 49. Qe2 Qe5 50. Qb5 Kh7 51. Qc4 Kg7 52. Qe2 Kf8 53. Ka1 Ke7 54. Qb5 f6 55. Ne2 Kf7 56. Qc4+ Kg7 57. Qb5 Qd6 58. Nc3 Qa6+ 0-1

[Event "Bundesliga 0203"]
[Site "Germany"]
[Date "2002.12.15"]
[Round "6.8"]
[White "Kachiani Gersinska, Ketino"]
[Black "Keitlinghaus, Ludger"]
[Result "1/2-1/2"]
[WhiteElo "2439"]
[BlackElo "2500"]
[PlyCount "41"]
[EventDate "2002.10.19"]
[EventType "team-tourn"]
[EventRounds "15"]
[EventCountry "GER"]
[SourceTitle "CBM 093"]
[Source "ChessBase"]
[SourceDate "2003.04.01"]
[SourceVersion "1"]
[SourceVersionDate "2003.04.01"]
[SourceQuality "1"]
[WhiteTeam "Tegernsee"]
[BlackTeam "Baden Oos"]
[WhiteTeamCountry "GER"]
[BlackTeamCountry "GER"]

1. d4 d5 2. c4 c6 3. Nf3 Nf6 4. e3 a6 5. Bd3 dxc4 6. Bxc4 e6 7. 0-0 c5 8. Bb3 Nc6 9. Qe2 cxd4 10. Rd1 Be7 11. Nc3 0-0 12. Nxd4 Nxd4 13. exd4 Nd5 14. Qf3 Nxc3 15. bxc3 Qc7 16. Bf4 Bd6 17. Bxd6 Qxd6 18. c4 Rb8 19. c5 Qc7 20. Rac1 Bd7 21. d5 1/2-1/2

[Event "Bundesliga 0203"]
[Site "Germany"]
[Date "2002.11.17"]
[Round "4.8"]
[White "Keitlinghaus, Ludger"]
[Black "Pedersen, Daniel Vesterbaek"]
[Result "1-0"]
[WhiteElo "2500"]
[BlackElo "2344"]
[PlyCount "81"]
[EventDate "2002.10.19"]
[EventType "team-tourn"]
[EventRounds "15"]
[EventCountry "GER"]
[SourceTitle "EXT 2003"]
[Source "ChessBase"]
[SourceDate "2002.11.25"]
[SourceVersion "1"]
[SourceVersionDate "2002.11.25"]
[SourceQuality "1"]
[WhiteTeam "Baden Oos"]
[BlackTeam "Emsdetten Turm"]
[WhiteTeamCountry "GER"]
[BlackTeamCountry "GER"]

1. e4 e5 2. Nf3 Nc6 3. Nc3 Nf6 4. Bb5 Bd6 5. a3 h6 6. d3 b6 7. Bc4 Bb7 8. h3 Na5 9. Ba2 c5 10. Ne2 Qc7 11. Ng3 Bf8 12. Bd2 d6 13. b4 Nc6 14. c3 Nd8 15. 0-0 Ne6 16. Nh4 Qd7 17. Qf3 0-0-0 18. a4 d5 19. Rfd1 Kb8 20. a5 cxb4 21. axb6 axb6 22. Be3 d4 23. Bxe6 fxe6 24. cxd4 exd4 25. Bf4+ Bd6 26. Ng6 Rhe8 27. Ne5 Qe7 28. Nc4 Bxf4 29. Qxf4+ e5 30. Qd2 b5 31. Nf5 Qf8 32. Na5 Rd7 33. Nxb7 Kxb7 34. Ra5 Qc5 35. Rc1 Qb6 36. Qxb4 Rc8 37. Rxc8 Kxc8 38. Rxb5 Qa7 39. Kh2 Kc7 40. Rxe5 Qb6 41. Rc5+ 1-0

[Event "Bodensee-Cup 8th"]
[Site "Landau"]
[Date "2002.05.03"]
[Round "1"]
[White "Keitlinghaus, Ludger"]
[Black "Prusikin, Michael"]
[Result "1/2-1/2"]
[WhiteElo "2500"]
[BlackElo "2519"]
[PlyCount "59"]
[EventDate "2002.05.03"]
[EventType "team-tourn"]
[EventRounds "3"]
[EventCountry "GER"]
[SourceTitle "EXT 2004"]
[Source "ChessBase"]
[SourceDate "2003.11.25"]
[SourceVersion "1"]
[SourceVersionDate "2003.11.25"]
[SourceQuality "1"]

1. e4 c5 2. c3 d5 3. exd5 Qxd5 4. d4 Nf6 5. Nf3 Bg4 6. Qa4+ Bd7 7. Qb3 e6 8. Bc4 Qc6 9. 0-0 Be7 10. Bg5 cxd4 11. cxd4 Qb6 12. Qxb6 axb6 13. Nc3 0-0 14. d5 b5 15. Nxb5 Bxb5 16. Bxb5 Nxd5 17. Bxe7 Nxe7 18. Rfd1 Nd5 19. a3 Na6 20. Rac1 Rfd8 21. g3 Kf8 22. Nd4 Ke7 23. Nb3 g5 24. Bd3 h6 25. Be4 Nac7 26. Nc5 b6 27. Nd3 Rd6 28. Ne5 f6 29. Nc6+ Kd7 30. Nd4 1/2-1/2

[Event "BL2-Sued 0102"]
[Site "Germany"]
[Date "2002.04.14"]
[Round "8.4"]
[White "Kienast, Joerg"]
[Black "Keitlinghaus, Ludger"]
[Result "0-1"]
[WhiteElo "2206"]
[BlackElo "2493"]
[PlyCount "72"]
[EventDate "2001.10.07"]
[EventType "team-tourn"]
[EventRounds "9"]
[EventCountry "GER"]
[SourceTitle "CBM 088 Extra"]
[Source "ChessBase"]
[SourceDate "2002.07.01"]
[SourceVersion "2"]
[SourceVersionDate "2002.07.01"]
[SourceQuality "1"]
[WhiteTeam "Schott Mainz"]
[BlackTeam "Baden Oos"]
[WhiteTeamCountry "GER"]
[BlackTeamCountry "GER"]

1. e4 e6 2. d3 c5 3. Nc3 Nc6 4. g3 g6 5. Bg2 Bg7 6. Nge2 d6 7. 0-0 Nge7 8. Be3 Nd4 9. Qd2 0-0 10. Nd1 e5 11. c3 Nxe2+ 12. Qxe2 b6 13. Qd2 Bb7 14. Bh6 d5 15. Bxg7 Kxg7 16. f4 exf4 17. Qxf4 dxe4 18. Ne3 Nd5 19. Nxd5 Bxd5 20. dxe4 Be6 21. Qe5+ Kg8 22. Rf6 Qd2 23. Rf2 Qh6 24. Rf4 Rad8 25. a4 Rd2 26. b4 cxb4 27. cxb4 Rc8 28. Raf1 Rcc2 29. R4f2 Rxf2 30. Rxf2 Qe3 31. Qb8+ Bc8 32. Qf4 Rc1+ 33. Bf1 Qxf4 34. Rxf4 Bh3 35. g4 Kf8 36. Rf3 Bxg4 0-1

[Event "BL2-Sued 0102"]
[Site "Germany"]
[Date "2001.11.25"]
[Round "3.3"]
[White "Wegerle, Joerg"]
[Black "Keitlinghaus, Ludger"]
[Result "1/2-1/2"]
[WhiteElo "2273"]
[BlackElo "2493"]
[PlyCount "128"]
[EventDate "2001.10.07"]
[EventType "team-tourn"]
[EventRounds "9"]
[EventCountry "GER"]
[SourceTitle "CBM 088 Extra"]
[Source "ChessBase"]
[SourceDate "2002.07.01"]
[SourceVersion "2"]
[SourceVersionDate "2002.07.01"]
[SourceQuality "1"]
[WhiteTeam "Viernheim"]
[BlackTeam "Baden Oos"]
[WhiteTeamCountry "GER"]
[BlackTeamCountry "GER"]

1. d4 d5 2. Nf3 c6 3. c4 Nf6 4. cxd5 cxd5 5. Nc3 Nc6 6. Bf4 a6 7. Rc1 e6 8. e3 Bd6 9. Bxd6 Qxd6 10. Be2 0-0 11. 0-0 Bd7 12. Na4 Nb4 13. a3 Bxa4 14. Qxa4 Nc6 15. Bd3 Rfc8 16. Rc3 Rc7 17. Rfc1 Rac8 18. h3 g6 19. Qd1 Kg7 20. R1c2 Nd7 21. Qc1 Nb6 22. b3 Na8 23. Be2 Nb8 24. Rxc7 Rxc7 25. Rxc7 Nxc7 26. Nd2 a5 27. f4 b6 28. Kf2 Qd8 29. Nf3 Ne8 30. Bd3 Nd6 31. g4 h6 32. h4 Qc8 33. Qxc8 Nxc8 34. g5 h5 35. Ne5 Nd6 36. Ke2 Kf8 37. Kd2 Ke7 38. Kc3 Kd8 39. Kd2 Kc7 40. Kc3 Nc6 41. Nxc6 Kxc6 42. Kd2 Kd7 43. Kc2 Ke7 44. Kd2 Kf8 45. Ke2 Kg7 46. Kf2 f6 47. gxf6+ Kxf6 48. a4 Nf7 49. Kg3 Nh6 50. Kf2 Ng8 51. Kg3 Ne7 52. Kf2 Kf7 53. Ke2 Ke8 54. Kd2 Kd7 55. Kc3 Kc7 56. Kb2 Kc6 57. Bb5+ Kd6 58. Bd3 Kd7 59. Kc3 Ke8 60. Kd2 Kf7 61. Ke2 Kf6 62. Kf2 Nc8 63. Kf3 Nd6 64. Ke2 Nf5 1/2-1/2